000 00951cam a2200241 a 4500
001 2614012
005 20180221072443.0
008 980305s1998 dcu b 001 0 eng
010 _a 98009031
020 _a030906418X (cloth)
040 _aDLC
_cDLC
_dDLC
041 _aeng
043 _an-us---
080 _a372.4 SNO
082 0 0 _a372.4 SNO
_221
100 _a48
101 _aEDU
245 1 0 _aPreventing reading difficulties in young children /
_cCommittee on the Prevention of Reading Difficulties in Young Children, Commission on Behavioral and Social Sciences and Education, National Research Council ; Catherine E. Snow, M. Susan Burns, and Peg Griffin, editors.
504 _aIncludes bibliographical references (p. 345-396) and index.
906 _a7
_bcbc
_corignew
_d1
_eocip
_f19
_gy-gencatlg
942 _2ddc
_cBK
999 _c43051
_d43051